PROSTHODONTIC TREATMENT FOR EDUNTULES PATIENTS (Record no. 4529)

MARC details
000 -LEADER
fixed length control field 00358nam a2200145Ia 4500
008 - FIXED-LENGTH DATA ELEMENTS--GENERAL INFORMATION
fixed length control field 150201s2009 xx 000 0 und d
082 ## - DEWEY DECIMAL CLASSIFICATION NUMBER
Classification number 617.692
Item number P2009Z
100 ## - MAIN ENTRY--PERSONAL NAME
Personal name ZARB
245 ## - TITLE STATEMENT
Title PROSTHODONTIC TREATMENT FOR EDUNTULES PATIENTS
250 ## - EDITION STATEMENT
Edition statement 12TH
260 ## - PUBLICATION, DISTRIBUTION, ETC. (IMPRINT)
Name of publisher, distributor, etc. ELSEVIER
Place of publication, distribution, etc. DELHI
Date of publication, distribution, etc. 2009
300 ## - PHYSICAL DESCRIPTION
Extent 1-560
650 ## - SUBJECT ADDED ENTRY--TOPICAL TERM
Topical term or geographic name as entry element PROSTHODONTICS
942 ## - ADDED ENTRY ELEMENTS (KOHA)
Source of classification or shelving scheme Dewey Decimal Classification
Koha item type Books
Holdings
Withdrawn status Lost status Source of classification or shelving scheme Damaged status Not for loan Home library Current library Date acquired Source of acquisition Cost, normal purchase price Serial Enumeration / chronology SGTU Bill Number Total Checkouts Full call number Barcode Date last seen Bill Date Koha item type Date last checked out
    Dewey Decimal Classification     SGT Dental Library SGT Dental Library 29/10/2010 U.B.S.DELHI 725.00 1 SGTU 620   617.692 P2009Z FD6238 09/02/2015 01/04/2013 Books  
    Dewey Decimal Classification     SGT Dental Library SGT Dental Library 29/10/2010 U.B.S.DELHI 725.00 1 SGTU 620 22 617.692 P2009Z FD6239 24/02/2026 01/04/2013 Books 12/01/2026